Statistics for The 30th - Billie Eilish Lyrics

Click here to take the quiz!

General Stats

  • This quiz has been taken 331 times
  • The average score is 219 of 259

Answer Stats

HintAnswer% Correct
a
100%
Chorusi
99%
the
99%
you
99%
to
98%
in
96%
it
96%
where
96%
be
95%
on
95%
were
94%
so
93%
know
92%
was
92%
your
92%
if
91%
look
91%
me
91%
Bridgewhat
91%
and
89%
don't
88%
remember
88%
am
87%
hospital
87%
did
86%
you're
86%
bed
85%
pretty
85%
day
84%
different
84%
said
84%
scared
84%
accident
83%
bridge
83%
just
83%
told
83%
before
82%
but
82%
calling
82%
even
82%
happened
82%
kids
82%
like
82%
then
82%
there
82%
when
82%
same
80%
ambulance
79%
looked
79%
Versesometimes
78%
car
74%
or
74%
rail
74%
way
74%
all
73%
no
73%
play
72%
wasn't
72%
little
71%
time
71%
alone
70%
night
70%
that
70%
together
70%
up
69%
are
68%
didn't
68%
it's
68%
woke
68%
pieced
67%
space
67%
street
67%
traffic
67%
alive
66%
drive
66%
into
66%
one
66%
snow
66%
staring
66%
hard
65%
knows
65%
late
65%
of
65%
panic
65%
rain
65%
saw
65%
wanted
65%
over
64%
think
64%
weren't
64%
early
63%
believe
62%
pulling
62%
usually
62%
have
61%
remote
61%
shoulder
61%
thought
61%
would
61%
anything
60%
not
60%
5
59%
angeles
59%
changed
59%
stand
59%
still
59%
survived?
58%
crest
57%
ambulances
56%
neighborhood
53%
unusually
48%
you'd
39%

Score Distribution

Percentile by Number Answered

Percent of People with Each Score

Your Score History

You have not taken this quiz